|
|
|
|
| LEADER |
00000nab a2200000 ar4500 |
| 001 |
vtls008625693 |
| 003 |
SK-MaSNL |
| 005 |
20260303071902.0 |
| 008 |
060223c2005 xo wr|p|||||||000 b|slo |
| 015 |
|
|
|a SNBRB2006/02
|2 snkbucl
|
| 038 |
|
|
|a SNKBUCL
|
| 040 |
|
|
|a SNKBUCL
|b slo
|c SNKBUCL
|e AACR2
|
| 041 |
0 |
|
|a slo
|
| 044 |
|
|
|a xo
|c SK
|
| 080 |
|
|
|a 658.15:678.4:061.5(437.6)
|2 1997
|
| 080 |
|
|
|a 678.4:061.5(437.6)
|2 1997
|
| 100 |
1 |
|
|a Bucha, Tibor
|4 aut
|9 847645
|
| 245 |
1 |
0 |
|a Púchovskí gumári vo svete
|b Matador je v Rusku už niekoľko rokov, veľkí hráči Michelin, Goodyear či Continental tam vlastnú výrobu ešte len rozbiehajú
|c Tibor Bucha
|
| 610 |
2 |
7 |
|a Matador (Púchov, Slovensko)
|2 snkbucl
|9 267281
|
| 651 |
|
7 |
|a Púchov (Slovensko)
|2 snkbucl
|9 29506
|
| 773 |
0 |
|
|t Profit
|g Č. 45-46 (2005), s. 43-44
|x 1335-4620
|
| 852 |
|
|
|a SNK
|b KIS3GCP
|
| 999 |
|
|
|c 1761825
|d 1763755
|